Podporná politika v poľnohospodárstve SR v rokoch 2004 – 2014
Hodnotenie vývoja podpornej politiky poľnohospodárstva od vstupu SR do Európskej únie po rok 2014. Príspevok hodnotí vývoj podpôr, ktoré sú zatriedené do piatich hlavných skupín: priame platby, podpory v rámci organizácie trhu, podpory na rozvoj vidieka, štátna pomoc (národné opatrenia) a všeobecné...
Gespeichert in:
| 1. Verfasser: | |
|---|---|
| Format: | Buchkapitel |
| Sprache: | Slowakisch |
| Schlagworte: | |
| Tags: |
Keine Tags, Fügen Sie das erste Tag hinzu!
|
MARC
| LEADER | 00000nla a2200000 4500 | ||
|---|---|---|---|
| 001 | 0224607 | ||
| 005 | 20240417075109.4 | ||
| 041 | 0 | |a slo | |
| 044 | |a SK | ||
| 245 | 1 | 0 | |a Podporná politika v poľnohospodárstve SR v rokoch 2004 – 2014 |c Ivona Ďuričová |
| 520 | |a Hodnotenie vývoja podpornej politiky poľnohospodárstva od vstupu SR do Európskej únie po rok 2014. Príspevok hodnotí vývoj podpôr, ktoré sú zatriedené do piatich hlavných skupín: priame platby, podpory v rámci organizácie trhu, podpory na rozvoj vidieka, štátna pomoc (národné opatrenia) a všeobecné služby. | ||
| 610 | 2 | 0 | |a poľnohospodárstvo |
| 610 | 2 | 0 | |a trh poľnohospodársky |
| 610 | 2 | 0 | |a platby priame |
| 610 | 2 | 0 | |a rozvoj vidieka |
| 610 | 2 | 0 | |a pomoc štátna |
| 610 | 2 | 0 | |a podpora štátna |
| 610 | 2 | 0 | |a Slovensko |
| 610 | 2 | 0 | |a Európska únia |
| 100 | 1 | |a Ďuričová, Ivona | |